01449nam a2200181   450000500170000000800410001702000180005804100120007608200160008810000190010424500880012326000230021130000080023436500190024244000230026152009680028465000150125220260210155510.0260130b        |||||||| |||| 00| 0 eng d  a9781782216551  aEnglish  a746.44bPOP  aPopova Tatiana  aSeasons in Silk Ribbon Embroidery: 20 Beautiful Designs, Techniques and Inspiration  bSearch Pressc2019  a208  b1465.56cRs.00  aThe Textile Artist  aINTRODUCTION    
GETTING STARTED    
STITCHES FOR SILK RIBBON       
•	Straight stitch group       
•	Ribbon stitch group       
•	Daisy stitch group       
•	Knots      
•	Ribbon gathering       
Traditional ribbonwork       
Thread embroidery       
New techniques       
PROJECTS
•	OWLETS       
•	Spring Owlet       
•	Summer Owlet       
•	Autumn Owlet       
•	Winter Owlet       
•	SEASONAL FLOWERS       
•	Lily of the Valley       
•	Your Day       
•	From Olga’s Garden          
•	Meadow Posy          
•	Autumn Basket          
•	Sunny Road          
•	Christmas Rose          
•	February Cup          
•	SEASONAL GIFTS          
•	Easter Wreath          
•	Mother’s Day          
•	August Cup          
•	Friendship Heart          
•	Wedding Day          
•	Housewarming Carp          
•	Christmas Star          
•	January Cup          
•	DESIGNS TO TRANSFER      
•	STITCH INDEX    


  aEmbroidery